01323cam a22003614a 450000100090000000300040000900500170001300800410003001000170007102000280008803500200011604000230013604200080015905000240016706000210019108200180021224500990023025000120032926000620034130000330040350000800043650400510051665000290056765000160059665000170061265000330062965000300066270000470069270000290073970000250076885600900079385600780088313288447OSt20150408113723.0030724s2003 enka b 001 0 eng  a 2003057609 a0471970026 (alk. paper) a(DNLM)101186227 aDNLM/DLCcDLCdDLC apcc00aR857.U48bP495 200310aQT 34bP578 200300a616.0754322200aPhysical principles of medical ultrasonics /cedited by C.R. Hill, J.C. Bamber, G.R. ter Haar. a2nd ed. aChichester ;aHoboken, N.J. :bJohn Wiley & Sons,cc2004. axv, 511 p. :bill. ;c25 cm. aPrevious ed.: Chichester : Ellis Horwood ; New York : Halstead Press, 1986. aIncludes bibliographical references and index. 0aUltrasonics in medicine.12aBiophysics.12aUltrasonics.22aUltrasonic Therapyxmethods.22aUltrasonographyxmethods.1 aHill, C. R.q(Christopher Rowland),d1929-1 aBamber, J. C.q(Jeff C.)1 aHaar, G. terq(Gail)423Publisher descriptionuhttp://www.loc.gov/catdir/description/wiley037/2003057609.html413Table of contentsuhttp://www.loc.gov/catdir/toc/wiley032/2003057609.html